01788nab a22002657a 4500999001500000003000400015005001700019008004100036040001100077100002900088245019000117260007300307300001400380500015400394505054500548505008901093650002801182650003301210650003401243650002001277650002801297650003301325773015101358942001301509 c5352d5352OSt20250225114241.0190603e xxum|||| |||| 00| 0 spa d cPJ-TDF 9471aBasset, Úrsula C. aAnálisis de la evolución jurisprudencial sobre los efectos patrimoniales de las parejas de hecho : bnovedades sobre la relación entre autonomía y protección /cUrsula Basset. cCiudad Autónoma de Buenos Aires :aThomson Reuters La Ley, b2024. ap.190-202 aCita: TR LALEY AR/DOC/1992/2024. Publicado en: R.C.C. y C. 2024 (Septiembre-Octubre). EDICIÓN ESPECIAL: XXIX Jornadas Nacionales de Derecho Civil. aSumario: I. La relación entre autonomía y protección: una propuesta de revisión.— II. Consideración de algunas paradojas de la relación entre autonomía y protección en el régimen argentino.— III. La autonomía de la voluntad vs. el proteccionismo, en la jurisprudencia y la doctrina.— IV. Una jurisprudencia poco homogénea con un abanico de alternativas.— V. El matrimonio y el patrimonio: dos ejes en mutación vertiginosa que desafían al régimen patrimonial matrimonial.— VI. Consideraciones finales.  t¿Te interesa el texto completo? Solicitalo al correo: koha@justierradelfuego.gov.ar 09967aDERECHO DE FAMILIA 091053aUNIONES CONVIVENCIALES 094044aPERSPECTIVA DE GÉNERO 09962aMATRIMONIO 091758aSOCIEDAD DE HECHO 093471aDERECHO DE RETENCIÓN0 0271393170dCiudad Autónoma de Buenos Aires : Thomson Reuters La Ley, 2015-tRevista Código Civil y Comercial. Nº 5 - Septiembre-Octubre 2024 2udccANA